<?xml version="1.0" encoding="UTF-8"?><?xml-stylesheet type="text/xsl" href="static/style.xsl"?><OAI-PMH xmlns="http://www.openarchives.org/OAI/2.0/" xmlns:xsi="http://www.w3.org/2001/XMLSchema-instance" xsi:schemaLocation="http://www.openarchives.org/OAI/2.0/ http://www.openarchives.org/OAI/2.0/OAI-PMH.xsd"><responseDate>2026-06-29T02:07:09Z</responseDate><request verb="GetRecord" identifier="oai:docta.ucm.es:20.500.14352/113150" metadataPrefix="marc">https://docta.ucm.es/rest/oai/request</request><GetRecord><record><header><identifier>oai:docta.ucm.es:20.500.14352/113150</identifier><datestamp>2025-03-18T15:38:52Z</datestamp><setSpec>com_20.500.14352_14</setSpec><setSpec>col_20.500.14352_15</setSpec></header><metadata><record xmlns="http://www.loc.gov/MARC21/slim" xmlns:dcterms="http://purl.org/dc/terms/" xmlns:xsi="http://www.w3.org/2001/XMLSchema-instance" xmlns:doc="http://www.lyncode.com/xoai" xsi:schemaLocation="http://www.loc.gov/MARC21/slim http://www.loc.gov/standards/marcxml/schema/MARC21slim.xsd">
   <leader>00925njm 22002777a 4500</leader>
   <datafield ind2=" " ind1=" " tag="042">
      <subfield code="a">dc</subfield>
   </datafield>
   <datafield ind2=" " ind1=" " tag="720">
      <subfield code="a">Gutiérrez Rodríguez, María Edita</subfield>
      <subfield code="e">author</subfield>
   </datafield>
   <datafield ind2=" " ind1=" " tag="260">
      <subfield code="c">2019</subfield>
   </datafield>
   <datafield ind2=" " ind1=" " tag="520">
      <subfield code="a">RESUMEN: En este trabajo se ofrece una descripción del deísmo en oraciones copulativas identificativas del español. En primer lugar, se analiza como sujeto de la oración copulativa el infinitivo con la preposición «de» que aparece tras la cópula. Tras repasar y precisar los contextos en los que se produce deísmo con verbos predicativos, se ofrecen nuevos datos relevantes sobre esta construcción en las oraciones copulativas, así como una clasificación de los sustantivos que permiten la aparición del deísmo. La comparación muestra que los contextos de deísmo en oraciones con verbo predicativo y con verbo copulativo son similares. Por último, se propone que en estas construcciones, igual que en el resto de las oraciones con deísmo, el segmento «de» no se comporta como una verdadera preposición, sino que se asimila a una conjunción.</subfield>
   </datafield>
   <datafield ind2=" " ind1=" " tag="520">
      <subfield code="a">ABSTRACT: In this paper we present a description of the &lt;“de”+ infinitive clause> non-standard construction (the so-called “deísmo”) in identificational sentences in Spanish. In the first place, the infinitive with “de” that appears after the copula is analyzed as the subject of the copulative sentence. After the analysis of the contexts in which this construction occurs with predicative verbs, new relevant data in the context of copulative sentences are offered, as well as a classification of the nouns that allow the appearance of “deísmo” in copulative sentences. The comparison between the two groups shows that generalizations with predicative verbs can be extended to the nouns which are the predicate of identificational sentences. Finally, it is shown that in these constructions, as in predicative contexts, the segment “de” does not behave like a preposition but as a complementizer.</subfield>
   </datafield>
   <datafield ind1="8" ind2=" " tag="024">
      <subfield code="a">Gutiérrez Rodríguez, Edita. «El deísmo en oraciones copulativas identificativas». Dialectologia, n.º 23, 2019, pp. 87-113, http://www.edicions.ub.edu/revistes/dialectologia23/.</subfield>
   </datafield>
   <datafield ind1="8" ind2=" " tag="024">
      <subfield code="a">https://hdl.handle.net/20.500.14352/113150</subfield>
   </datafield>
   <datafield ind1="8" ind2=" " tag="024">
      <subfield code="a">2013-2247</subfield>
   </datafield>
   <datafield ind1="8" ind2=" " tag="024">
      <subfield code="a">http://www.edicions.ub.edu/revistes/dialectologia23/</subfield>
   </datafield>
   <datafield ind1="8" ind2=" " tag="024">
      <subfield code="a">http://www.edicions.ub.edu/revistes/dialectologia/</subfield>
   </datafield>
   <datafield ind1="8" ind2=" " tag="024">
      <subfield code="a">https://www.edicions.ub.edu/</subfield>
   </datafield>
   <datafield ind2="0" ind1="0" tag="245">
      <subfield code="a">El deísmo en oraciones copulativas identificativas</subfield>
   </datafield>
   <datafield ind2="0" ind1="0" tag="245">
      <subfield code="a">Constructions with &lt;de+Infinitive> (Deísmo) in Identificational Sentences</subfield>
   </datafield>
</record></metadata></record></GetRecord></OAI-PMH>